000
00285nam a22001337a 4500
008
181207b xxu||||| |||| 00| 0 eng d
020
_a
0802802931
041
_a
eng
080
_a
610
100
_a
4
101
_a
SHM
245
_a
On Moral Medicine
_c
Lammers,S.E
942
_2
udc
_c
BK
999
_c
53016
_d
53016